100 Most Populous European Cities Quiz Stats

 Plays Quiz not verified by Sporcle

Score 0/100 Timer 10:00
0 Plays Today
Rank City % Correct
#3London
98.5%
#2Moscow
97.1%
#7Rome
96.8%
#9Paris
96.8%
#6Madrid
95.7%
#18Barcelona
95%
#5Berlin
94.6%
#20Milan
93.5%
#1Istanbul
92.9%
#4St. Petersburg
92.6%
#47Stockholm
92.4%
#14Warsaw
91.2%
#45Athens
91%
#50Amsterdam
90.4%
#91Oslo
89.4%
#21Munich
89.3%
#8Kyiv
89.1%
#11Budapest
89.1%
#12Hamburg
88.7%
#16Vienna
88.4%
#10Bucharest
87.8%
#75Lisbon
87.5%
#98Dublin
87.5%
#92Copenhagen
86.2%
#22Prague
86%
#30Birmingham
86%
#76Helsinki
85.6%
#29Naples
84.9%
#42Marseille
84%
#64Glasgow
82.2%
#24Sofia
81%
#13Minsk
79.1%
#15Belgrade
78.7%
#39Zagreb
77.6%
Rank City % Correct
#68Rotterdam
76.6%
#48Krakow
75.9%
#61Frankfurt
75.7%
#43Riga
75%
#36Turin
74.9%
#49Valencia
74.9%
#35Cologne
73.7%
#55Sevilla
71.8%
#71Vilnius
67.4%
#74Dusseldorf
67.2%
#51Leeds
66.3%
#80Sarajevo
65.3%
#70Stuttgart
63.2%
#69Dortmund
63.1%
#56Palermo
60.6%
#99Dresden
56.5%
#33Odessa
56.3%
#67Essen
55.1%
#59Genoa
54%
#78Bremen
50.9%
#28Donetsk
50%
#41Lodz
49.7%
#88Hannover
48.5%
#77Malaga
46.6%
#94Leipzig
46.3%
#17Kharkiv
46%
#34Volgograd
43.8%
#26Kazan
43.2%
#19Nizhny Novgorod
42.1%
#79Sheffield
41.5%
#95Nuremberg
40.7%
#58Chisinau
39.9%
#66Zaragoza
39%
#63Wroclaw
38.4%
Rank City % Correct
#44Lvov
37.9%
#23Samara
37.1%
#72Poznan
34.7%
#27Ufa
31.3%
#31Perm
31.3%
#25Dnipropetrovsk
27.5%
#32Rostov-on-Don
27.1%
#85Duisburg
24.7%
#62Krasnodar
20.3%
#38Saratov
16.5%
#96Bradford
15.4%
#37Voronezh
14.9%
#100Gomel
14.9%
#65Yaroslavl
11%
#97Astrakhan
10.9%
#53Tolyatti
10.4%
#60Izhevsk
9%
#90Tula
9%
#82Razan
8.5%
#93Mariupol
8.2%
#57Ulyanovsk
7.4%
#83Orenburg
7.2%
#81Penza
6%
#46Salonika
5.6%
#87Lipetsk
5.1%
#40Zaporozhye
4%
#89Mykolaiv
3.8%
#84Naberezhnye Chelny
2.6%
#54Kryvy Rig
1.5%
#52Bagcilar
0.4%
#73Bahcelievler
0.4%
#86Esenler
0.4%

You're not logged in!

Compare scores with friends on all Sporcle quizzes.
OR
Log In

Sporcle TV

Today on Sporcle TV


Watch our educational content, quiz creation guides, and fun videos on Sporcle TV.

Show Comments

Extras

Top Quizzes Today


Score Distribution

Your Account Isn't Verified!

In order to create a playlist on Sporcle, you need to verify the email address you used during registration. Go to your Sporcle Settings to finish the process.

Report this User

Report this user for behavior that violates our Community Guidelines.

Details: